Guess the Taylor Swift song by the synonim - Statistics

General Stats
  • This quiz has been taken 72 times
    71 since last reset
  • The average score is 12 of 14
Answer Stats
Hint Answer % Correct
escape automobile getaway car
95%
talk presently speak now
95%
Twelve o'clock downpour midnight rain
92%
Murder by lots of slices death by a thousand cuts
90%
Purple fog lavender haze
90%
insane lady mad woman
90%
emerge from the forest out of the woods
87%
The tremendous battle the great war
85%
start once more begin again
83%
unseen rope invisible string
83%
improved guy better man
80%
Horrible Heatwave cruel summer
80%
extended tale abbreviated long story short
75%
intact and stable safe and sound
35%
No matching quizzes found
Score Distribution
Percent of People with Each Score
Percentile by Number Answered
Your Score History
You have not taken this quiz since the last reset